[Event "FRA-ch op-B"]
[Site "Agen"]
[Date "2016.??.??"]
[Round "4"]
[White "Colas, Philippe"]
[Black "Pons, Jean Marc"]
[Result "1/2-1/2"]
[WhiteElo "1870"]
[BlackElo "1838"]
[PlyCount "107"]
[EventDate "2016.08.12"]
[EventType "swiss"]
[EventRounds "9"]
[EventCountry "FRA"]
[SourceTitle "EXT 2017"]
[Source "ChessBase"]
[SourceDate "2016.10.25"]
[SourceVersion "1"]
[SourceVersionDate "2016.10.25"]
[SourceQuality "1"]

1. Nf3 c5 2. g3 Nf6 3. Bg2 g6 4. c4 Bg7 5. 0-0 0-0 6. Nc3 Nc6 7. d4 cxd4 8. Nxd4 Qb6 9. Nb3 d6 10. h3 Bd7 11. Be3 Qc7 12. Rc1 b6 13. Nd5 Qd8 14. Qd2 Re8 15. Bg5 Rc8 16. Bxf6 exf6 17. Ne3 Bh6 18. f4 Re6 19. Ng4 Bg7 20. e4 f5 21. exf5 gxf5 22. Ne3 Qf6 23. Rc2 Nb4 24. Nd5 Nxd5 25. Bxd5 Re7 26. Rd1 Qg6 27. Kh2 Rce8 28. Bf3 Re3 29. Qf2 Ba4 30. Rcd2 Bxb3 31. axb3 Bf8 32. b4 d5 33. Rxd5 Bxb4 34. Rd8 Bc5 35. Rxe8+ Rxe8 36. Qd2 Qf6 37. b4 Be7 38. Bd5 h6 39. Re1 Rf8 40. Re5 Bd6 41. Re1 Rd8 42. Rd1 Kg7 43. Re1 Kf8 44. h4 Kg7 45. Kg2 Kf8 46. Rb1 Kg7 47. Kf2 Kf8 48. Qb2 Qxb2+ 49. Rxb2 Ke7 50. Ra2 Rd7 51. Bc6 Rc7 52. Re2+ Kf6 53. b5 a5 54. bxa6 1/2-1/2